Catálogo

Vista normal Vista MARC

Entrada Personal Name

Número de registros utilizados en: 1

001 - CONTROL NUMBER

  • control field: 6072

003 - CONTROL NUMBER IDENTIFIER

  • control field: OSt

005 - DATE AND TIME OF LATEST TRANSACTION

  • control field: 20180716124408.0

008 - FIXED-LENGTH DATA ELEMENTS

  • fixed length control field: 171026 a|ac|n|aab||||||||||||a |n|||||||

040 ## - CATALOGING SOURCE

  • Original cataloging agency: DLC
  • Language of cataloging: spa
  • Description conventions: rda
  • Transcribing agency: Mx-PuUPA
  • Modifying agency: DLC

046 ## - SPECIAL CODED DATES

  • Birth date: 1935
  • Death date: 19750510

100 1# - HEADING--PERSONAL NAME

  • Personal name: Dalton, Roque,
  • Dates associated with a name: 1935-1975

370 ## - ASSOCIATED PLACE

  • Place of birth: San Salvador, El Salvador
  • Associated country: Mexico
  • Associated country: Cuba
  • Associated country: Chile

375 ## - GENDER

  • Gender: hombre
  • Start period: 1935
  • End period: 1975

377 ## - ASSOCIATED LANGUAGE

  • Language code: spa
  • Source of code: MARC code list for languages

400 1# - SEE FROM TRACING--PERSONAL NAME

  • Personal name: Dalton García, Roque,
  • Dates associated with a name: 1935-1975

400 1# - SEE FROM TRACING--PERSONAL NAME

  • Personal name: Ḏalton, Roke,
  • Dates associated with a name: 1935-1975

400 1# - SEE FROM TRACING--PERSONAL NAME

  • Personal name: García, Roque Dalton,
  • Dates associated with a name: 1935-1975

670 ## - SOURCE DATA FOUND

  • Source citation: Author’s La ventana en el rostro, 1961.

670 ## - SOURCE DATA FOUND

  • Source citation: His El Salvador, 1984:
  • Information found: t.p. (Dalton Roque) p. 7 (Roque Dalton García; b. in San Salvador; father was British; studied in Chile & El Salvador; lived in Mexico & pres. resides in Cuba; works at Casa de Las Américas, Radio Habana & Union Nac. de Escritores y Artistas de Cuba)

670 ## - SOURCE DATA FOUND

  • Source citation: Biblioteca del congreso (Estados Unidos), 26 octubre 2017:
  • Information found: catálogo electrónico
  • Uniform Resource Identifier: https://goo.gl/ZNUEMS